Un Orfeo del pacífico: antología poética
Uloženo v:
| Hlavní autor: | |
|---|---|
| Médium: | Kniha |
| Jazyk: | španělština |
| Vydáno: |
Santiago
Lom
2000
|
| Edice: | Colección Entre Mares. Poesía
|
| Témata: | |
| Tagy: |
Přidat tag
Žádné tagy, Buďte první, kdo vytvoří štítek k tomuto záznamu!
|
MARC
| LEADER | 00000nam a2200000 a 4500 | ||
|---|---|---|---|
| 001 | UCM1215 | ||
| 003 | CL-VaPUC | ||
| 008 | 020328e20000700CL |||||||||||||||||spa|d | ||
| 082 | 0 | 4 | |a Ch861 |b VAL |2 21 |
| 100 | 0 | |a Valle, Rosamel del |e author |9 430303 | |
| 245 | 1 | 3 | |a Un Orfeo del pacífico: antología poética |
| 300 | |a 240 p | ||
| 942 | |c BK | ||
| 945 | |d 20020328 00:00:00 |a vberengu | ||
| 260 | |a Santiago |b Lom |c 2000 | ||
| 650 | 0 | |a Literatura chilena |9 308278 | |
| 650 | 0 | |a Poesías chilenas |9 265280 | |
| 583 | |a last modification |c 20020328 00:00:00 |k Rodrigo Vera | ||
| 490 | 0 | |a Colección Entre Mares. Poesía | |
| 999 | |c 299814 |d 299812 | ||
| 952 | |0 0 |1 0 |4 0 |6 CH_861_000000000000000_VAL_2000 |7 0 |8 A |9 356763 |a BIBEDU |b BIBEDU |d 2019-11-21 |i 3802973 |o Ch861 VAL 2000 |p 3802973 |r 2019-11-21 |w 2019-11-21 |y BK |k LIT | ||